000 00311nam a22001337a 4500
008 180928b xxu||||| |||| 00| 0 eng d
020 _a9780130176882
041 _aeng
080 _28 ED
_a541
100 _a12
101 _aKIM
245 _aExperiments In General Chemistry
_cPetrucci,H
942 _2udc
_cBK
999 _c48657
_d48657